Countries with the Most Summer Paralympics Medals - Statistics

General Stats
  • This quiz has been taken 71 times
    47 since last reset
  • The average score is 16 of 20
Answer Stats
# Country % Correct
2388 United States
100%
1167 France
98%
2048 United Kingdom
98%
1268 Australia
95%
1113 Canada
93%
1457 China
93%
670 Italy
93%
467 Brazil
91%
468 Japan
91%
727 Spain
91%
1595 Germany/West Germany
89%
864 Netherlands
84%
649 Sweden
82%
324 Norway
80%
395 South Korea
77%
328 Mexico
73%
776 Poland
70%
376 Austria
61%
554 Ukraine
61%
394 Israel
18%
No matching quizzes found
Score Distribution
Percent of People with Each Score
Percentile by Number Answered
Your Score History
You have not taken this quiz since the last reset